Top 12 Kluby Ekstraklasy - Kolega Ignacy - Statystyki

Ogólne statystyki
  • Ten quiz został rozwiązany 280 razy
  • Średni wynik to 2 z 12
Statystyki odpowiedzi
Miasto Pełna nazwa klubu % Poprawnych
Lech Lech Poznań
98%
Pogoń Pogoń Szczecin
49%
Legia Legia Warszawa
41%
Lubin Zagłębie Lubin
19%
Kraków Towarzystwo Sportowe Wisła Kraków
2%
Gliwice GKS - Gliwicki Klub Sportowy „Piast”
1%
Zabrze KSG - Klub Sportowy Górnik
1%
Gdańsk KS Lechia Gdańsk
1%
Gdynia Morski Związkowy Klub Sportowy
1%
Wrocław Wrocławski Klub Sportowy
1%
Kraków Miejski Klub Sportowy Cracovia
0%
Płock ZKS Wisła Płock
0%
Nie znaleziono quizów pasujących do podanych kryteriów
Rozkład punktacji
Procent ludzi z każdym wynikiem
Percentyl według liczby udzielonych odpowiedzi
Twoja historia wyników
Nie rozwiązałeś tego quizu